Prefecturas de la España Napoleónica en 1810 en un Mapa - Estadísticas

Estadísticas generales
  • Esta prueba ha sido intentada 9 veces
  • La puntuación promedio es 14 de 40
Respuestas en el mapa
Las respuestas están codificadas por una escala verde-roja en el mapa de la prueba según el % correcto abajo.
 
Estadísticas de respuestas
Capital Prefecture % Correcto
Tarragona Ebro
100%
Pamplona Bidasoa
75%
Barcelona Llobregat
75%
Madrid Manzanares
75%
Murcia Segura
75%
Orense Sil
75%
Gerona Ter
75%
Palma de Mallorca Baleares
63%
Astorga Esla
63%
Jerez de la Frontera Guadalete
63%
Salamanca Tormes
63%
Santa Cruz de Tenerife Canarias
50%
Burgos Arlanzón
38%
Vitoria Cabo Machichaco
38%
Granada Genil
38%
Lugo Miño Alto
38%
Vigo Miño Bajo
38%
La Coruña Tambre
38%
Santander Cabo Mayor
25%
Palencia Carrión
25%
Soria Duero Alto
25%
Valladolid Duero y Pisuerga
25%
Jaén Guadalquivir Alto
25%
Sevilla Guadalquivir Bajo
25%
Guadalajara Tajo Alto
25%
Ciudad Rodrigo Águeda
13%
Alicante Cabo de la Nao
13%
Oviedo Cabo de Peñas
13%
Lérida Cinca y Segre
13%
Huesca Ebro y Cinca
13%
Zaragoza Ebro y Jalón
13%
Teruel Guadalaviar Alto
13%
Valencia Guadalaviar Bajo
13%
Córdoba Guadalquivir y Guadajoz
13%
Mérida Guadiana y Guadajira
13%
Cuenca Jucar Alto
13%
Ciudad Real Ojos del Guadiana
13%
Málaga Salado
13%
Cáceres Tajo y Alagón
13%
Toledo Tajo y Alberche
13%
No se encontraron pruebas coincidentes
Distribución de puntuación
Porcentaje de gente con cada puntuación
Porcentaje por número respondido
Historial de tus puntuaciones
No has intentado esta prueba.